000 00995nas a2200277 4500
001 BR2013006514
003 BR-BrBNA
005 20231205122820.0
007 ta
008 230509b bl.|||p| |||| 00| 00por d
040 _aBR-BrBNA
_bpor
_cBiblioteca Nacional de Agricultura
041 _a(En)
072 _aQ03; Q04
100 1 _aMartini, C.
100 1 _aMargarido, L.A.C.
100 1 _aCeccato-Antonini, S.R.
245 1 _aMicrobiological and physicochemical evaluations of juice extracted from different parts of sugar cane stalks from three varieties cultivated under organic management
650 _aANÁLISE MICROBIOLÓGICA
650 _aCANA DE AÇÚCAR
650 _aANÁLISE DE ALIMENTO
650 _aFERMENTO
773 0 _tCiência e Tecnologia de Alimentos (Brazil)
_xISSN 1678-457X
_g(Jul-Sep 2010), v. 30(3) p. 808-813
_wBR2013006514
856 4 0 _uhttp://www.scielo.br/pdf/cta/v30n3/v30n3a37.pdf
909 _a202311
_bLúcia
_c55
_dLúcia Elande
942 _2AGRIS
_n0
_cANA
999 _c230721
_d230721